| 000 | 00819nam a22002175i 4500 | ||
|---|---|---|---|
| 001 | 162182 | ||
| 003 | ES-MaACL | ||
| 005 | 20250729042042.0 | ||
| 008 | 990705s1830 fr |||| | fre d | ||
| 040 |
_aCCPB | B _bspa _cCCPB | B |
||
| 100 | 1 |
_aPinheiro-Ferreira, Silvestre. _9131170 |
|
| 245 | 1 | 0 |
_aCours de droit public interne et externe / _cpar Silvestre Pinheiro-Ferreira. |
| 260 |
_aParis : _bRey et Gravier, libraires : _bJ.P. Aillaud, libraire, _c1830. |
||
| 300 |
_a2 v. (VIII, 499, [1] ; VIII, 420 p.) ; _c21 cm. |
||
| 597 | 1 | _aEn las VIII p. del 2º tomo, hay 4 p. con paginación 419-422. | |
| 597 | 1 | _aAntep. | |
| 650 | 7 |
_aDerecho público _2embne _911763 |
|
| 752 |
_aFrancia - _dParís |
||
| 852 |
_aES-MaACL _jG-12064 _z-- Enc. piel _q-- Solo T.I hasta la página 440 |
||
| 999 |
_c162182 _d162182 |
||